LEADER 01801nam 2200529 450 001 9910464790403321 005 20200520144314.0 010 $a0-85728-428-2 035 $a(CKB)3710000000083211 035 $a(EBL)3001968 035 $a(SSID)ssj0001336324 035 $a(PQKBManifestationID)11747958 035 $a(PQKBTitleCode)TC0001336324 035 $a(PQKBWorkID)11297035 035 $a(PQKB)10848983 035 $a(MiAaPQ)EBC3001968 035 $a(Au-PeEL)EBL3001968 035 $a(CaPaEBR)ebr10828259 035 $a(CaONFJC)MIL876033 035 $a(OCoLC)872671165 035 $a(EXLCZ)993710000000083211 100 $a20110420d2011 uy| 0 101 0 $aeng 135 $aurcnu|||||||| 181 $ctxt 182 $cc 183 $acr 200 00$aEdward FitzGerald's Ruba?iya?t of Omar Khayya?m $ea famous poem and its influence /$fedited by William H. Martin and Sandra Mason 210 1$aLondon ;$aNew York :$cAnthem Press,$d2011. 215 $a1 online resource (182 p.) 225 1 $aAnthem Nineteenth-Century 300 $aDescription based upon print version of record. 311 $a0-85728-770-2 320 $aIncludes bibliographical references and index. 327 $apart 1. Edward FitzGerald's Ruba?iya?t of Omar Khayya?m -- part 2. The Ruba?iya?t, its story and its influence -- part 3. Further notes and references. 410 0$aAnthem Nineteenth-Century 608 $aElectronic books. 676 $a891/.5511 701 $aMartin$b W. H$g(William Henry),$f1927-$0949609 701 $aMason$b Sandra$0949610 801 0$bMiAaPQ 801 1$bMiAaPQ 801 2$bMiAaPQ 906 $aBOOK 912 $a9910464790403321 996 $aEdward FitzGerald's Ruba?iya?t of Omar Khayya?m$92146401 997 $aUNINA LEADER 01061nam a2200253 i 4500 001 991004047499707536 008 190122s2020 it 000 0 ita 020 $a9788878123014 035 $ab14428829-39ule_inst 040 $aBibl. Interfacoltà T. Pellegrino$bita 082 04$a025.32 100 1 $aGuerrini, Mauro$d<1953- >$05520 245 10$aRDA :$bresources description and access ; con un aggiornamento di Lucia Sardo/$cMauro Guerrini 260 $aRoma :$bAssociazione italiana biblioteche,$c2020 300 $a60 p. ;$c17 cm 490 1 $aET : Enciclopedia tascabile ;$v43 650 4$aCatalogazione descrittiva$xRegole 907 $a.b14428829$b05-05-22$c18-01-22 912 $a991004047499707536 945 $aLE002 Bibl. Ris. 5/43$g1$i2002001099081$lle002$op$pE12.00$q-$rn$so $t0$u0$v0$w0$x0$y.i15992524$z18-01-22 945 $aLE023 025.32 GUE 1 3 Uff. Bibl.$g1$i2023000283578$lle023$op$pE12.00$q-$rn$so $t0$u0$v0$w0$x0$y.i16008893$z05-05-22 996 $aRDA$91495176 997 $aUNISALENTO 998 $ale002$b30-11-17$cm$da $e $fita$git $h0$i0